Network analysis (Record no. 136528)

000 -LEADER
fixed length control field 00252nam a2200109Ia 4500
008 - FIXED-LENGTH DATA ELEMENTS--GENERAL INFORMATION
fixed length control field 220120s9999||||xx |||||||||||||| ||und||
020 ## - INTERNATIONAL STANDARD BOOK NUMBER
International Standard Book Number 330105973
100 ## - MAIN ENTRY--PERSONAL NAME
Personal name Bhakshi, V.A
245 #0 - TITLE STATEMENT
Title Network analysis
260 ## - PUBLICATION, DISTRIBUTION, ETC.
Name of publisher, distributor, etc. London
Date of publication, distribution, etc. 2004
300 ## - PHYSICAL DESCRIPTION
Extent 240p.
Other physical details 0
Holdings
Withdrawn status Lost status Damaged status Not for loan Collection code Home library Current library Date acquired Barcode Date last seen Price effective from Koha item type
        Electronics and Communication Engineering Central Library Central Library 01/20/2022 GF387 01/20/2022 01/20/2022 Gift Books

Powered by Koha